[Event "CAN-op"]
[Site "Ottawa CAN"]
[Date "2013.07.17"]
[Round "6"]
[White "Low, Ethan"]
[Black "Cohen, David"]
[Result "0-1"]
[WhiteElo "1372"]
[BlackElo "1866"]
[PlyCount "122"]
[GameId "2160767739579305"]
[EventDate "2013.07.13"]
[EventType "swiss"]
[EventRounds "9"]
[EventCountry "CAN"]
[TimeControl "5400+30"]

1. e4 c5 2. Nf3 d6 3. d4 cxd4 4. Nxd4 Nf6 5. Nc3 Nc6 6. f3 g6 7. Be3 Bg7 8. Qd2 O-O 9. Be2 Re8 10. O-O Bd7 11. Rad1 a6 12. Rfe1 b5 13. b3 Qc7 14. f4 b4 15. Nd5 Nxd5 16. exd5 Nxd4 17. Bxd4 Bxd4+ 18. Qxd4 a5 19. Bd3 Bc8 20. Re3 Ba6 21. Bxa6 Rxa6 22. Rd2 Qa7 23. Qxa7 Rxa7 24. c4 bxc3 25. Rxc3 Rb8 26. Kf2 Kg7 27. g4 a4 28. Kf3 axb3 29. Rxb3 Rba8 30. Rbb2 Ra3+ 31. Kg2 R8a4 32. Rf2 Rd3 33. Rbe2 Rxd5 34. Rxe7 Rdd4 35. Kg3 d5 36. h3 h6 37. f5 g5 38. f6+ Kg6 39. Rd7 Rd3+ 40. Kg2 Ra8 41. Kh2 Ra6 42. Kg2 Rxf6 43. Rxf6+ Kxf6 44. a4 Ke6 45. Rd8 Ra3 46. Rh8 Rxa4 47. Rxh6+ Ke5 48. Rh7 f6 49. Re7+ Kf4 50. Re2 Ra6 51. Rd2 Rd6 52. Kf2 Ke4 53. Kg3 Ke3 54. Rd1 d4 55. Kg2 Ke2 56. Rf1 d3 57. Rf2+ Kd1 58. Rf1+ Kd2 59. Rf2+ Kc1 60. Rf1+ Kc2 61. Rf2+ d2 0-1

[Event "CAN-op"]
[Site "Ottawa CAN"]
[Date "2013.07.17"]
[Round "6"]
[White "Miller, Evgeny"]
[Black "Arencibia Rodriguez, Walter"]
[Result "1-0"]
[WhiteElo "2272"]
[BlackElo "2526"]
[PlyCount "75"]
[GameId "2160767909313691"]
[EventDate "2013.07.13"]
[EventType "swiss"]
[EventRounds "9"]
[EventCountry "CAN"]
[SourceTitle "CBM 155 Extra"]
[Source "ChessBase"]
[SourceDate "2013.08.26"]
[SourceVersion "1"]
[SourceVersionDate "2013.08.26"]
[SourceQuality "1"]

1. e4 c5 2. c3 e6 3. d4 d5 4. e5 Qb6 5. Nf3 Nc6 6. a3 c4 7. Nbd2 Na5 8. g3 Bd7 9. Bg2 Be7 10. O-O O-O-O 11. Re1 h5 12. h4 Nh6 13. Qe2 f6 14. Rb1 Ng4 15. exf6 Bxf6 16. Nf1 Be8 17. Bf4 Bg6 18. Rbd1 Rhe8 19. N1h2 Bd3 20. Rxd3 cxd3 21. Qxd3 Nc4 22. Nxg4 hxg4 23. Nd2 Nd6 24. b4 Nf5 25. Nb3 Re7 26. Nc5 g6 27. Qd1 Rde8 28. Qxg4 e5 29. dxe5 Bxe5 30. Rxe5 Rxe5 31. Bxe5 Rxe5 32. Nd3 Re6 33. Bxd5 Rf6 34. Nc5 Kc7 35. Qc4 Nd6 36. Qe2 Nf5 37. Qe5+ Qd6 38. Ne6+ 1-0

[Event "CAN-op"]
[Site "Ottawa CAN"]
[Date "2013.07.17"]
[Round "6"]
[White "Rozentalis, Eduardas"]
[Black "Vera, Reynaldo"]
[Result "1/2-1/2"]
[WhiteElo "2619"]
[BlackElo "2462"]
[PlyCount "47"]
[GameId "2160767909313692"]
[EventDate "2013.07.13"]
[EventType "swiss"]
[EventRounds "9"]
[EventCountry "CAN"]
[SourceTitle "CBM 155 Extra"]
[Source "ChessBase"]
[SourceDate "2013.08.26"]
[SourceVersion "1"]
[SourceVersionDate "2013.08.26"]
[SourceQuality "1"]

1. e4 c5 2. Nf3 d6 3. d4 cxd4 4. Qxd4 Nc6 5. Bb5 Bd7 6. Bxc6 Bxc6 7. c4 f5 8. exf5 Qa5+ 9. Nbd2 Qxf5 10. O-O Nf6 11. Re1 Kf7 12. b4 e5 13. Qe3 Be7 14. b5 Bxf3 15. Nxf3 Rhc8 16. Ba3 Rxc4 17. Rad1 Rd8 18. Bxd6 Bxd6 19. Rxd6 Rxd6 20. Nxe5+ Kg8 21. Nxc4 Rd8 22. h3 h6 23. Ne5 b6 24. Nc6 1/2-1/2

[Event "CAN-op"]
[Site "Ottawa CAN"]
[Date "2013.07.17"]
[Round "6"]
[White "Sambuev, Bator"]
[Black "Dougherty, Michael"]
[Result "1-0"]
[WhiteElo "2530"]
[BlackElo "2290"]
[PlyCount "65"]
[GameId "2160767909313693"]
[EventDate "2013.07.13"]
[EventType "swiss"]
[EventRounds "9"]
[EventCountry "CAN"]
[SourceTitle "CBM 155 Extra"]
[Source "ChessBase"]
[SourceDate "2013.08.26"]
[SourceVersion "1"]
[SourceVersionDate "2013.08.26"]
[SourceQuality "1"]

1. d4 g6 2. e4 Bg7 3. Nf3 d6 4. Nc3 c6 5. Be2 Nf6 6. O-O O-O 7. Re1 Nbd7 8. h3 e5 9. Bg5 h6 10. Be3 Re8 11. dxe5 dxe5 12. Qc1 Kh7 13. Bc4 Qe7 14. a4 a5 15. Qb1 Nh5 16. Qa2 Kg8 17. Ne2 Nf8 18. Qa3 Qf6 19. Nh2 Nf4 20. Rad1 h5 21. Nxf4 exf4 22. Bd4 Qe7 23. Bc5 Qe5 24. c3 Nd7 25. Bd6 Bf8 26. Nf3 Qg7 27. e5 Nb6 28. Ba2 Be6 29. Bxe6 fxe6 30. h4 Nd5 31. Ng5 Qd7 32. Bxf8 Rxf8 33. c4 1-0

[Event "CAN-op"]
[Site "Ottawa CAN"]
[Date "2013.07.17"]
[Round "6"]
[White "Short, Nigel"]
[Black "Sokolov, Ivan"]
[Result "1/2-1/2"]
[WhiteElo "2688"]
[BlackElo "2650"]
[PlyCount "68"]
[GameId "2160767909313694"]
[EventDate "2013.07.13"]
[EventType "swiss"]
[EventRounds "9"]
[EventCountry "CAN"]
[SourceTitle "CBM 155 Extra"]
[Source "ChessBase"]
[SourceDate "2013.08.26"]
[SourceVersion "1"]
[SourceVersionDate "2013.08.26"]
[SourceQuality "1"]

1. c4 e5 2. Nc3 Bb4 3. Qc2 Nf6 4. Nf3 Qe7 5. e4 Na6 6. d3 c6 7. a3 Ba5 8. b4 Bb6 9. Be2 d6 10. O-O Nc7 11. Na4 Ne6 12. Nxb6 axb6 13. Be3 c5 14. Rfb1 O-O 15. a4 Nd7 16. Qd2 Nb8 17. b5 Nd4 18. Ne1 Nxe2+ 19. Qxe2 f5 20. exf5 Bxf5 21. Rb3 Nd7 22. Rba3 d5 23. f3 Rfe8 24. cxd5 Bg6 25. Bd2 Qd6 26. Nc2 Bf7 27. Ne3 Bg6 28. Nc4 Qxd5 29. Rd1 Rad8 30. Bc3 Re6 31. Ne3 Qd6 32. Nc4 Qd5 33. Ne3 Qd6 34. Nc4 Qd5 1/2-1/2

[Event "CAN-op"]
[Site "Ottawa CAN"]
[Date "2013.07.17"]
[Round "6.8"]
[White "Chirila, Ioan Christian"]
[Black "Sapozhnikov, Roman"]
[Result "1/2-1/2"]
[WhiteElo "2519"]
[BlackElo "2396"]
[PlyCount "116"]
[GameId "2160767909313699"]
[EventDate "2013.07.13"]
[EventType "swiss"]
[EventRounds "9"]
[EventCountry "CAN"]

1. d4 d5 2. c4 dxc4 3. Nf3 Nf6 4. e3 g6 5. Bxc4 Bg7 6. Nc3 O-O 7. O-O Ne8 8. a3 Nc6 9. Re1 e5 10. d5 Ne7 11. e4 Nd6 12. Ba2 Re8 13. Bd2 h6 14. Rc1 f5 15. exf5 Nexf5 16. Ne4 Bd7 17. Bc3 Nxe4 18. Rxe4 Nd6 19. Re1 Bg4 20. h3 Bxf3 21. Qxf3 Qg5 22. Bb1 Re7 23. Be4 Rf8 24. Qd3 Nxe4 25. Qxe4 Rf4 26. Qe3 Qf5 27. Qxa7 Rf7 28. Re2 b6 29. Rcc2 g5 30. d6 cxd6 31. Qxb6 Bf8 32. Qe3 h5 33. Bb4 Be7 34. Rcd2 Qe6 35. Qd3 Qh6 36. Qd5 R4f6 37. Qc4 Qg6 38. Qe4 Qg7 39. Rd3 Qf8 40. Rg3 Rg7 41. Rc2 Rf4 42. Qd5+ Kh8 43. Qe6 Rf6 44. Qc8 Rxf2 45. Qxf8+ Rxf8 46. Rd3 Rd8 47. Rd5 g4 48. hxg4 Rxg4 49. Rcd2 Rg6 50. a4 Rg4 51. Rb5 Rc8 52. Bxd6 Rc1+ 53. Kh2 Rh4+ 54. Kg3 Rg4+ 55. Kh2 Rh4+ 56. Kg3 Rg4+ 57. Kh2 Rh4+ 58. Kg3 Rg4+ 1/2-1/2

[Event "CAN-op"]
[Site "Ottawa CAN"]
[Date "2013.07.17"]
[Round "6.10"]
[White "Cheng, Bindi"]
[Black "Derraugh, Geordie"]
[Result "1/2-1/2"]
[WhiteElo "2516"]
[BlackElo "2297"]
[PlyCount "120"]
[GameId "2160767909313701"]
[EventDate "2013.07.13"]
[EventType "swiss"]
[EventRounds "9"]
[EventCountry "CAN"]

1. Nf3 Nf6 2. c4 g6 3. Nc3 d5 4. cxd5 Nxd5 5. Qa4+ Bd7 6. Qh4 Nb6 7. d4 Bg7 8. Bh6 O-O 9. Ng5 f6 10. Bxg7 fxg5 11. Qh6 Rf7 12. Be5 c5 13. e3 Nc6 14. Qxg5 cxd4 15. exd4 Rf5 16. Qg3 Nxe5 17. dxe5 Qc7 18. Be2 Qxe5 19. O-O Qxg3 20. hxg3 Bc6 21. Rad1 Raf8 22. b4 Na4 23. Bc4+ Kg7 24. Ne2 Nb2 25. Rc1 Rd8 26. Bb3 Rd6 27. Rc3 Re5 28. Re3 Rxe3 29. fxe3 Rd2 30. Nf4 g5 31. Ne6+ Kh6 32. Rf7 Rxg2+ 33. Kf1 Rxg3 34. Rxe7 Rxe3 35. Kf2 Re5 36. Bc2 Be4 37. Bxe4 Rxe4 38. Rxh7+ Kxh7 39. Nxg5+ Kg6 40. Nxe4 Nd3+ 41. Ke3 Nxb4 42. Nd6 b6 43. a3 Nc6 44. Kd3 Kf6 45. Kc4 Ke6 46. Ne4 a6 47. Nc3 Ke5 48. a4 Na5+ 49. Kb4 Kd4 50. Ne2+ Kd3 51. Nf4+ Ke4 52. Ne6 Nc6+ 53. Kc4 Ne5+ 54. Kb4 Nd3+ 55. Kc4 Nb2+ 56. Kb3 Nd3 57. Kc4 Ne5+ 58. Kb4 Kd5 59. Nc7+ Kc6 60. Nxa6 Kb7 1/2-1/2

[Event "CAN-op"]
[Site "Ottawa CAN"]
[Date "2013.07.18"]
[Round "7"]
[White "Arencibia Rodriguez, Walter"]
[Black "Shi, Diwen"]
[Result "1-0"]
[WhiteElo "2526"]
[BlackElo "2030"]
[PlyCount "93"]
[GameId "2160767909313702"]
[EventDate "2013.07.13"]
[EventType "swiss"]
[EventRounds "9"]
[EventCountry "CAN"]
[SourceTitle "CBM 155 Extra"]
[Source "ChessBase"]
[SourceDate "2013.08.26"]
[SourceVersion "1"]
[SourceVersionDate "2013.08.26"]
[SourceQuality "1"]

1. d4 Nf6 2. Nf3 c5 3. d5 e6 4. c4 exd5 5. cxd5 d6 6. Nc3 g6 7. e4 Bg7 8. Be2 O-O 9. O-O a6 10. a4 Bg4 11. Bf4 Re8 12. Nd2 Bxe2 13. Qxe2 Nh5 14. Be3 Nd7 15. g4 Nhf6 16. f3 Qc7 17. Kh1 Ne5 18. g5 Nh5 19. f4 Nd7 20. Qf3 Rab8 21. Rac1 b5 22. b4 Bxc3 23. Rxc3 bxa4 24. bxc5 dxc5 25. e5 Ng7 26. Ne4 Nf5 27. Bxc5 Rb3 28. Rxb3 axb3 29. Qxb3 Nxc5 30. Nf6+ Kf8 31. Nxe8 Kxe8 32. Qa3 Qb6 33. Rc1 Nb7 34. Qc3 Nd4 35. Qc7 Qxc7 36. Rxc7 Nd8 37. Kg2 Nb5 38. Rc8 Kd7 39. Ra8 Nc7 40. Ra7 Kc8 41. d6 Nde6 42. dxc7 Nxc7 43. f5 gxf5 44. e6 fxe6 45. h4 Kb8 46. Rxc7 Kxc7 47. h5 1-0

[Event "CAN-op"]
[Site "Ottawa CAN"]
[Date "2013.07.18"]
[Round "7"]
[White "Cao, Jason"]
[Black "Song, Michael"]
[Result "1-0"]
[WhiteElo "2060"]
[BlackElo "2390"]
[PlyCount "67"]
[GameId "2160767909313703"]
[EventDate "2013.07.13"]
[EventType "swiss"]
[EventRounds "9"]
[EventCountry "CAN"]
[SourceTitle "CBM 155 Extra"]
[Source "ChessBase"]
[SourceDate "2013.08.26"]
[SourceVersion "1"]
[SourceVersionDate "2013.08.26"]
[SourceQuality "1"]

1. e4 c5 2. Nf3 d6 3. d4 cxd4 4. Nxd4 Nf6 5. Nc3 a6 6. Be3 e5 7. Nb3 Be6 8. f3 h5 9. Qd2 Nbd7 10. Nd5 Bxd5 11. exd5 Qc7 12. c4 a5 13. Rc1 b6 14. Be2 Be7 15. O-O O-O 16. Na1 Qd8 17. Nc2 h4 18. Na3 Nh5 19. Rfe1 Nc5 20. Nb5 g6 21. Bd1 f5 22. Bc2 Bf6 23. b3 Be7 24. a3 h3 25. g3 Nd7 26. Kh1 f4 27. gxf4 Nxf4 28. Bxf4 Rxf4 29. Bxg6 Bg5 30. Rg1 Rg4 31. Qd3 Rg2 32. Qf5 Qe7 33. Qxh3 Rxg1+ 34. Rxg1 1-0

[Event "CAN-op"]
[Site "Ottawa CAN"]
[Date "2013.07.18"]
[Round "7"]
[White "Demmery, Steve"]
[Black "Fu, James"]
[Result "1/2-1/2"]
[WhiteElo "2080"]
[BlackElo "2042"]
[PlyCount "59"]
[GameId "2160767909313704"]
[EventDate "2013.07.13"]
[EventType "swiss"]
[EventRounds "9"]
[EventCountry "CAN"]
[SourceTitle "CBM 155 Extra"]
[Source "ChessBase"]
[SourceDate "2013.08.26"]
[SourceVersion "1"]
[SourceVersionDate "2013.08.26"]
[SourceQuality "1"]

1. d4 Nc6 2. Nf3 d6 3. g3 g6 4. Bg2 Bg7 5. O-O Nf6 6. c4 O-O 7. Nc3 e5 8. dxe5 dxe5 9. Qxd8 Rxd8 10. Bg5 Be6 11. Nd2 h6 12. Bxf6 Bxf6 13. Nd5 Bxd5 14. cxd5 Nb4 15. e4 c6 16. a3 Nc2 17. Rab1 Rac8 18. Rfd1 Nd4 19. Kf1 Kf8 20. Nf3 c5 21. Nxd4 cxd4 22. Bh3 Rc2 23. Rdc1 Rd2 24. Rc7 Rb8 25. d6 d3 26. Bg4 h5 27. Bd1 Bd8 28. Ke1 Bxc7 29. dxc7 Rxd1+ 30. Kxd1 1/2-1/2

[Event "CAN-op"]
[Site "Ottawa CAN"]
[Date "2013.07.18"]
[Round "7"]
[White "Gerzhoy, Leonid"]
[Black "Short, Nigel"]
[Result "0-1"]
[WhiteElo "2462"]
[BlackElo "2688"]
[PlyCount "60"]
[GameId "2160767909313705"]
[EventDate "2013.07.13"]
[EventType "swiss"]
[EventRounds "9"]
[EventCountry "CAN"]
[SourceTitle "CBM 155 Extra"]
[Source "ChessBase"]
[SourceDate "2013.08.26"]
[SourceVersion "1"]
[SourceVersionDate "2013.08.26"]
[SourceQuality "1"]

1. d4 Nf6 2. Nf3 d5 3. c4 e6 4. Nc3 Nbd7 5. Bg5 h6 6. Bh4 Be7 7. e3 O-O 8. Rc1 Re8 9. Bd3 dxc4 10. Bxc4 a6 11. a4 c5 12. O-O cxd4 13. exd4 Nb6 14. Bb3 Bd7 15. Ne5 Bc6 16. a5 Nbd5 17. Nxd5 Bxd5 18. Ba4 Qxa5 19. Bxe8 Rxe8 20. Bxf6 Bxf6 21. Qh5 Bxe5 22. dxe5 Qd2 23. Rc3 Qxb2 24. Rg3 Kf8 25. f4 Rc8 26. Qg4 Rc1 27. Qxg7+ Ke8 28. Rgf3 Qd4+ 29. Kh1 Qa1 30. Qh8+ Kd7 0-1

[Event "CAN-op"]
[Site "Ottawa CAN"]
[Date "2013.07.18"]
[Round "7"]
[White "Moradiabadi, Elshan"]
[Black "Du, Digeng"]
[Result "1-0"]
[WhiteElo "2551"]
[BlackElo "2009"]
[PlyCount "31"]
[GameId "2160767909313706"]
[EventDate "2013.07.13"]
[EventType "swiss"]
[EventRounds "9"]
[EventCountry "CAN"]
[SourceTitle "CBM 155 Extra"]
[Source "ChessBase"]
[SourceDate "2013.08.26"]
[SourceVersion "1"]
[SourceVersionDate "2013.08.26"]
[SourceQuality "1"]

1. d4 Nf6 2. Bg5 Ne4 3. Bf4 c5 4. f3 Qa5+ 5. c3 Nf6 6. d5 Qb6 7. Bc1 e6 8. e4 c4 9. Bxc4 Bc5 10. Nh3 exd5 11. Bxd5 Nxd5 12. Qxd5 d6 13. Nf4 Bg1 14. Nd2 Qf2+ 15. Kd1 O-O 16. Ne2 1-0

[Event "CAN-op"]
[Site "Ottawa CAN"]
[Date "2013.07.18"]
[Round "7"]
[White "Perez Garcia, Rodney Oscar"]
[Black "Zhou, Qiyu"]
[Result "1-0"]
[WhiteElo "2364"]
[BlackElo "1902"]
[PlyCount "75"]
[GameId "2160767909313708"]
[EventDate "2013.07.13"]
[EventType "swiss"]
[EventRounds "9"]
[EventCountry "CAN"]
[SourceTitle "CBM 155 Extra"]
[Source "ChessBase"]
[SourceDate "2013.08.26"]
[SourceVersion "1"]
[SourceVersionDate "2013.08.26"]
[SourceQuality "1"]

1. e4 c5 2. Nf3 d6 3. d4 cxd4 4. Nxd4 Nf6 5. Nc3 g6 6. Be3 Bg7 7. Be2 O-O 8. O-O Nc6 9. Qd2 d5 10. exd5 Nxd5 11. Nxd5 Nxd4 12. c4 e5 13. Bxd4 exd4 14. Rad1 Be6 15. Nf4 Qc7 16. Nxe6 fxe6 17. Bd3 Rac8 18. Rfe1 e5 19. h4 Qd7 20. g3 Qh3 21. Be4 b6 22. Bg2 Qf5 23. Bd5+ Kh8 24. Kg2 b5 25. b3 Rfe8 26. Be4 Qd7 27. Rc1 bxc4 28. bxc4 Rc5 29. h5 gxh5 30. Rh1 Qf7 31. Qg5 Bf6 32. Qf5 Qg6 33. Qf3 Qg7 34. Rxh5 h6 35. Rch1 Bg5 36. Rxg5 Qxg5 37. Qf7 Qg7 38. Qxe8+ 1-0

[Event "CAN-op"]
[Site "Ottawa CAN"]
[Date "2013.07.18"]
[Round "7"]
[White "Rozentalis, Eduardas"]
[Black "Bruzon Batista, Lazaro"]
[Result "0-1"]
[WhiteElo "2619"]
[BlackElo "2689"]
[PlyCount "86"]
[GameId "2160767909313709"]
[EventDate "2013.07.13"]
[EventType "swiss"]
[EventRounds "9"]
[EventCountry "CAN"]
[SourceTitle "CBM 155 Extra"]
[Source "ChessBase"]
[SourceDate "2013.08.26"]
[SourceVersion "1"]
[SourceVersionDate "2013.08.26"]
[SourceQuality "1"]

1. e4 c5 2. Nf3 Nc6 3. Bb5 e6 4. Bxc6 bxc6 5. d3 Ne7 6. Nc3 Ng6 7. h4 h5 8. e5 f6 9. Qe2 Qc7 10. exf6 gxf6 11. Ne4 Be7 12. Be3 Nf4 13. Bxf4 Qxf4 14. g3 Qg4 15. c4 d5 16. Nc3 Ba6 17. O-O-O O-O-O 18. Rhe1 e5 19. b3 Rhe8 20. Nh2 Qf5 21. Qf3 Qxf3 22. Nxf3 Bf8 23. Kb2 Kc7 24. Rc1 d4 25. Ne4 Be7 26. Nfd2 Bc8 27. f4 exf4 28. gxf4 Bg4 29. Kc2 f5 30. Ng5 Bxg5 31. Rxe8 Rxe8 32. fxg5 Kd6 33. b4 cxb4 34. c5+ Kd5 35. Kb3 Re2 36. Nc4 f4 37. Nd6 f3 38. Rf1 a5 39. g6 Be6 40. Rxf3 Kxc5+ 41. Nc4 a4+ 42. Kxa4 Rxa2+ 43. Kb3 Bxc4+ 0-1

[Event "CAN-op"]
[Site "Ottawa CAN"]
[Date "2013.07.18"]
[Round "7"]
[White "Vera, Reynaldo"]
[Black "Botez, Alexandra"]
[Result "1-0"]
[WhiteElo "2462"]
[BlackElo "2204"]
[PlyCount "61"]
[GameId "2160767909313711"]
[EventDate "2013.07.13"]
[EventType "swiss"]
[EventRounds "9"]
[EventCountry "CAN"]
[SourceTitle "CBM 155 Extra"]
[Source "ChessBase"]
[SourceDate "2013.08.26"]
[SourceVersion "1"]
[SourceVersionDate "2013.08.26"]
[SourceQuality "1"]

1. d4 Nf6 2. c4 e6 3. g3 c5 4. d5 exd5 5. cxd5 d6 6. Nc3 g6 7. Bg2 Bg7 8. Nf3 O-O 9. O-O a6 10. a4 Re8 11. Bf4 Bg4 12. h3 Bxf3 13. Bxf3 Nbd7 14. Qc2 Ne5 15. Bg2 Nh5 16. Bc1 Nc4 17. Ne4 Nb6 18. Bg5 f6 19. Bc1 f5 20. Ng5 Bf6 21. Ne6 Qd7 22. Bh6 Ng7 23. Bxg7 Bxg7 24. e4 fxe4 25. Bxe4 Bf6 26. a5 Nc8 27. Bxg6 Re7 28. Qf5 hxg6 29. Qxf6 Qe8 30. Rae1 Qf7 31. Qc3 1-0

[Event "CAN-op"]
[Site "Ottawa CAN"]
[Date "2013.07.18"]
[Round "7.19"]
[White "Yam, Alex"]
[Black "De Kerpel, Stijn"]
[Result "0-1"]
[WhiteElo "2267"]
[BlackElo "2157"]
[PlyCount "58"]
[GameId "2160767909313712"]
[EventDate "2013.07.13"]
[EventType "swiss"]
[EventRounds "9"]
[EventCountry "CAN"]

1. d4 d5 2. c4 Nc6 3. Nc3 dxc4 4. Nf3 Nf6 5. Bg5 h6 6. Bxf6 exf6 7. e3 a6 8. Bxc4 Bd6 9. Nh4 h5 10. Qf3 Bg4 11. Qe4+ Qe7 12. Nf5 Bxf5 13. Qxf5 Nxd4 14. Qd3 Nc6 15. Qe2 Ne5 16. Bb3 c6 17. O-O O-O-O 18. Rac1 Kb8 19. h3 f5 20. Bc2 g6 21. Rb1 Rhe8 22. Rfd1 Bc7 23. b4 Rxd1+ 24. Nxd1 Bd6 25. f4 Nd7 26. Bd3 Bxf4 27. b5 axb5 28. a4 Bxe3+ 29. Kf1 b4 0-1

[Event "CAN-op"]
[Site "Ottawa CAN"]
[Date "2013.07.18"]
[Round "7.20"]
[White "Pacey, Kevin"]
[Black "Kleinman, Michael"]
[Result "0-1"]
[WhiteElo "2173"]
[BlackElo "2367"]
[PlyCount "80"]
[GameId "2160767909313713"]
[EventDate "2013.07.13"]
[EventType "swiss"]
[EventRounds "9"]
[EventCountry "CAN"]

1. c4 g6 2. Nc3 c5 3. g3 Bg7 4. Bg2 Nc6 5. Nf3 Nf6 6. d4 cxd4 7. Nxd4 O-O 8. O-O Nxd4 9. Qxd4 d6 10. Qd3 a6 11. Rd1 Bf5 12. e4 Bg4 13. f3 Be6 14. Be3 Nd7 15. Qe2 Qc7 16. Nd5 Bxd5 17. Rxd5 a5 18. f4 Ra6 19. Rc1 a4 20. Rb5 b6 21. e5 Nc5 22. exd6 exd6 23. Bf2 Ra5 24. Rd1 Rd8 25. Bd5 Kf8 26. Re1 Bf6 27. Kg2 Rd7 28. Qe8+ Kg7 29. Bxc5 Rxb5 30. cxb5 dxc5 31. Bc6 Rd2+ 32. Re2 Rxb2 33. Rxb2 Bxb2 34. Bd5 h5 35. Qc6 Qd8 36. h4 Bd4 37. Qb7 Qf6 38. Qa8 Qe7 39. Qc8 Qe2+ 40. Kh3 Bg1 0-1

[Event "CAN-op"]
[Site "Ottawa CAN"]
[Date "2013.07.18"]
[Round "7.25"]
[White "Dougherty, Michael"]
[Black "Wu, Ruining (Ray)"]
[Result "1-0"]
[WhiteElo "2290"]
[BlackElo "2117"]
[PlyCount "99"]
[GameId "2160767909313714"]
[EventDate "2013.07.13"]
[EventType "swiss"]
[EventRounds "9"]
[EventCountry "CAN"]

1. Nf3 d5 2. c4 c6 3. e3 Nf6 4. b3 Bf5 5. Bb2 e6 6. Be2 Nbd7 7. O-O Bd6 8. d4 O-O 9. Ne5 Qc7 10. f4 b6 11. Nc3 Ne4 12. Bf3 Nxc3 13. Bxc3 Nf6 14. Rc1 Ba3 15. Ra1 a5 16. Qe2 Be4 17. Bb2 Bxf3 18. gxf3 Bxb2 19. Qxb2 Rfd8 20. Rac1 Qb7 21. c5 b5 22. Kh1 Nd7 23. Nd3 f6 24. Rg1 Nf8 25. Rg4 Rd7 26. Rcg1 Qc8 27. Qf2 Qe8 28. Qh4 Ng6 29. Qg3 Raa7 30. Qf2 Nf8 31. Qh4 Ng6 32. Qh5 Rd8 33. R4g3 Nf8 34. Qh3 Rdd7 35. Nf2 f5 36. Nd3 g6 37. Ne5 Rg7 38. Qh6 Rac7 39. h4 Qd8 40. Rg5 Qe8 41. h5 Qe7 42. hxg6 hxg6 43. Nxg6 Nxg6 44. Rxg6 Qf8 45. R1g5 Rce7 46. Kg2 Rxg6 47. Qxg6+ Rg7 48. Qxe6+ Kh8 49. Qxc6 Rxg5+ 50. fxg5 1-0

[Event "CAN-op"]
[Site "Ottawa CAN"]
[Date "2013.07.19"]
[Round "8"]
[White "Bruzon Batista, Lazaro"]
[Black "Sokolov, Ivan"]
[Result "1/2-1/2"]
[WhiteElo "2689"]
[BlackElo "2650"]
[PlyCount "120"]
[GameId "2160767909313715"]
[EventDate "2013.07.13"]
[EventType "swiss"]
[EventRounds "9"]
[EventCountry "CAN"]
[SourceTitle "CBM 155 Extra"]
[Source "ChessBase"]
[SourceDate "2013.08.26"]
[SourceVersion "1"]
[SourceVersionDate "2013.08.26"]
[SourceQuality "1"]

1. e4 e5 2. Nf3 Nc6 3. Bb5 a6 4. Ba4 Nf6 5. O-O Be7 6. Re1 b5 7. Bb3 O-O 8. d3 d6 9. a4 Na5 10. axb5 axb5 11. Bd2 c5 12. Nc3 Bb7 13. Ba2 b4 14. Ne2 Nh5 15. h3 Qd7 16. g4 Nf6 17. Ng3 g6 18. Kh2 Ra6 19. c3 Qb5 20. cxb4 cxb4 21. Bh6 Re8 22. Rc1 b3 23. Bb1 d5 24. g5 Nd7 25. d4 Nc4 26. dxe5 Bb4 27. Rf1 Bc5 28. Bd3 Qa4 29. Qe2 Rae6 30. Bxc4 dxc4 31. Rxc4 Qa7 32. Qd2 Ba6 33. Ra4 Nb6 34. Raa1 Nc4 35. Qc3 Bxf2 36. Rfd1 Be3 37. Ne2 Bxg5 38. Bxg5 Qf2+ 39. Kh1 Qxe2 40. Re1 Qxb2 41. Qxb2 Nxb2 42. Reb1 Nd3 43. Rxb3 Nf2+ 44. Kh2 Nxe4 45. Bh6 Nc5 46. Rc3 Bb7 47. Rxc5 Bxf3 48. Kg3 Be4 49. Raa5 Bf5 50. h4 R6e7 51. Bg5 Rd7 52. Rd5 Rb7 53. Rdb5 Rxb5 54. Rxb5 Kg7 55. Rd5 Rb8 56. Rd8 Rb3+ 57. Kf2 Rb5 58. Bf6+ Kh6 59. Rh8 Be6 60. Ke3 Rc5 1/2-1/2

[Event "CAN-op"]
[Site "Ottawa CAN"]
[Date "2013.07.19"]
[Round "8"]
[White "Calugar, Arthur"]
[Black "Rozentalis, Eduardas"]
[Result "1/2-1/2"]
[WhiteElo "2282"]
[BlackElo "2619"]
[PlyCount "91"]
[GameId "2160767909313716"]
[EventDate "2013.07.13"]
[EventType "swiss"]
[EventRounds "9"]
[EventCountry "CAN"]
[SourceTitle "CBM 155 Extra"]
[Source "ChessBase"]
[SourceDate "2013.08.26"]
[SourceVersion "1"]
[SourceVersionDate "2013.08.26"]
[SourceQuality "1"]

1. e4 e6 2. d4 d5 3. e5 c5 4. c3 Bd7 5. Nf3 a6 6. Bd3 cxd4 7. Nxd4 Nc6 8. Nxc6 bxc6 9. O-O Ne7 10. Qe2 Ng6 11. f4 Bc5+ 12. Be3 Qb6 13. Bxc5 Qxc5+ 14. Kh1 a5 15. Nd2 O-O 16. Nb3 Qe7 17. Qe3 Rfb8 18. Rf2 a4 19. Nc5 Ra5 20. Nxd7 Qxd7 21. f5 exf5 22. Bxf5 Qa7 23. Qg3 Nf8 24. Raf1 Rab5 25. Bd3 Rxb2 26. Rxf7 Qxf7 27. Rxf7 Kxf7 28. h3 a3 29. Bf5 Re8 30. e6+ Nxe6 31. Qd6 Rxa2 32. Qd7+ Re7 33. Bxe6+ Kf6 34. Qxc6 Rxe6 35. Qxd5 Ra1+ 36. Kh2 a2 37. Qf3+ Ke7 38. Qb7+ Kf8 39. Qb4+ Kf7 40. Qf4+ Rf6 41. Qc4+ Re6 42. Qf4+ Ke8 43. Qb8+ Ke7 44. Qc7+ Kf8 45. Qc5+ Kf7 46. Qc7+ 1/2-1/2

[Event "CAN-op"]
[Site "Ottawa CAN"]
[Date "2013.07.19"]
[Round "8"]
[White "Cheng, Bindi"]
[Black "Cao, Jason"]
[Result "1-0"]
[WhiteElo "2406"]
[BlackElo "2060"]
[PlyCount "73"]
[GameId "2160767909313717"]
[EventDate "2013.07.13"]
[EventType "swiss"]
[EventRounds "9"]
[EventCountry "CAN"]
[SourceTitle "CBM 155 Extra"]
[Source "ChessBase"]
[SourceDate "2013.08.26"]
[SourceVersion "1"]
[SourceVersionDate "2013.08.26"]
[SourceQuality "1"]

1. e4 c5 2. Nf3 d6 3. d4 cxd4 4. Nxd4 Nf6 5. Nc3 a6 6. h3 e6 7. g4 Be7 8. Bg2 Qc7 9. O-O O-O 10. a4 Nc6 11. Be3 h6 12. Kh1 Nxd4 13. Qxd4 e5 14. Qd2 Be6 15. a5 Rac8 16. Rfc1 Rfe8 17. Nd5 Bxd5 18. exd5 Nd7 19. c4 Qd8 20. Be4 Nc5 21. Bc2 e4 22. b4 Nd3 23. Bxd3 exd3 24. Ra3 Bf6 25. Rxd3 Qe7 26. Kg2 Be5 27. Bf4 Bxf4 28. Qxf4 Qe2 29. Rd2 Qe7 30. c5 dxc5 31. bxc5 g5 32. Qd4 Qc7 33. Rb2 Rcd8 34. Rb6 Kh7 35. Rd1 Rg8 36. d6 Qd7 37. Qe4+ 1-0

[Event "CAN-op"]
[Site "Ottawa CAN"]
[Date "2013.07.19"]
[Round "8"]
[White "Hambleton, Aman"]
[Black "Rodriguez, Eric"]
[Result "1-0"]
[WhiteElo "2480"]
[BlackElo "2290"]
[PlyCount "79"]
[GameId "2160767909313718"]
[EventDate "2013.07.13"]
[EventType "swiss"]
[EventRounds "9"]
[EventCountry "CAN"]
[SourceTitle "CBM 155 Extra"]
[Source "ChessBase"]
[SourceDate "2013.08.26"]
[SourceVersion "1"]
[SourceVersionDate "2013.08.26"]
[SourceQuality "1"]

1. d4 d5 2. c4 c6 3. Nf3 Nf6 4. e3 Bg4 5. h3 Bxf3 6. Qxf3 e6 7. Nc3 Nbd7 8. Bd3 Bb4 9. Bd2 O-O 10. a3 Ba5 11. O-O Re8 12. Qd1 e5 13. cxd5 cxd5 14. Rc1 a6 15. Qb3 exd4 16. exd4 Bxc3 17. Bxc3 b5 18. Rfe1 Qb6 19. a4 Reb8 20. a5 Qa7 21. Qb4 Nf8 22. Re7 Rb7 23. Re3 Rc8 24. Rce1 Qb8 25. b3 Ng6 26. Bf5 Rf8 27. g3 Rd8 28. Bd2 Rc7 29. R3e2 Rc6 30. h4 Rf8 31. Kg2 Qd8 32. Bc1 Re8 33. Rxe8+ Nxe8 34. Bg5 f6 35. Bc1 Nf8 36. Ba3 Nd6 37. Be6+ Nf7 38. Qxf8+ Qxf8 39. Bxf8 Kxf8 40. Bd7 1-0